When ambition checks ambition: bureaucratic trustees and the separation of powers (Record no. 81228)

000 -LEADER
fixed length control field 01571pab a2200193 454500
008 - FIXED-LENGTH DATA ELEMENTS--GENERAL INFORMATION
fixed length control field 180718b2008 xxu||||| |||| 00| 0 eng d
100 ## - MAIN ENTRY--PERSONAL NAME
Personal name Knott, Jack H.
245 ## - TITLE STATEMENT
Title When ambition checks ambition: bureaucratic trustees and the separation of powers
260 ## - PUBLICATION, DISTRIBUTION, ETC.
Date of publication, distribution, etc. 2008
300 ## - PHYSICAL DESCRIPTION
Extent p.387-411.
362 ## - DATES OF PUBLICATION AND/OR SEQUENTIAL DESIGNATION
Dates of publication and/or sequential designation Dec
520 ## - SUMMARY, ETC.
Summary, etc. A credible commitment to property rights and contract enforcement contributes to sustained economic growth. Credible commitment suffers when private interests collude with government to secure private gain over the public interest. The Madisonian separation of powers system was designed to hinder this kind of private gain by political factions. In this article, the authors ask what role public agencies play in promoting credible commitment, arguing that principal-agency theory is suspect from the Federalist viewpoint, which assumed that elected officials are self-serving in ways that can harm the public good. they offer an alternative approach called trustee theory. Trustees sometimes can best serve principals by not being responsive to the principals' interests, especially when the principals' pursuit of self-interest threatens the public interest in the long run. The authors then discuss constraints that limit trustee discretion, so that they themselves do not become a primary cause of weakened credible commitment. - Reproduced.
650 ## - SUBJECT ADDED ENTRY--TOPICAL TERM
Topical term or geographic name entry element Seperation of powers
650 ## - SUBJECT ADDED ENTRY--TOPICAL TERM
Topical term or geographic name entry element Public administration
700 ## - ADDED ENTRY--PERSONAL NAME
Personal name Miller, Gary J.
773 ## - HOST ITEM ENTRY
Main entry heading American Review of Public Administration
908 ## - PUT COMMAND PARAMETER (RLIN)
Put command parameter N
909 ## -
-- 81228
Holdings
Withdrawn status Lost status Damaged status Not for loan Permanent Location Current Location Date acquired Serial Enumeration / chronology Barcode Date last seen Price effective from Koha item type
        Indian Institute of Public Administration Indian Institute of Public Administration 2018-07-19 Volume no: 38, Issue no: 4 AR81688 2018-07-19 2018-07-19 Articles

Powered by Koha